[Event "Ljubljana-chT 73rd"]
[Site "Ljubljana"]
[Date "2020.02.06"]
[Round "3.4"]
[White "Zidar, Jernej"]
[Black "Jelen, Anja"]
[Result "1-0"]
[WhiteElo "1696"]
[BlackElo "1329"]
[PlyCount "57"]
[EventDate "2020.01.16"]
[EventType "team-swiss"]
[EventRounds "6"]
[EventCountry "SLO"]
[SourceTitle "EXT 2024"]
[Source "ChessBase"]
[SourceDate "2023.10.10"]
[SourceVersion "1"]
[SourceVersionDate "2023.10.10"]
[SourceQuality "1"]
[WhiteTeam "Komenda Popotnik"]
[BlackTeam "Ig"]
[WhiteTeamCountry "SLO"]
[BlackTeamCountry "SLO"]

1. d4 d5 2. Nf3 e6 3. g3 Nf6 4. Bg2 Be7 5. 0-0 0-0 6. c4 Nbd7 7. Nc3 c5 8. cxd5 exd5 9. e3 b6 10. b3 Bb7 11. Bb2 Ne4 12. Nd2 Nxc3 13. Bxc3 Nf6 14. Rc1 Qd7 15. Qe2 Rac8 16. Rfd1 Qe6 17. Qf1 Ne4 18. Nxe4 dxe4 19. Qe2 f5 20. Bb2 cxd4 21. Bxd4 Bf6 22. Bxf6 Rxf6 23. Rxc8+ Qxc8 24. Qd2 Rf7 25. Bf1 Ba6 26. Qd8+ Rf8 27. Qd5+ Rf7 28. Bxa6 Qxa6 29. Qe6 1-0

[Event "Ljubljana-chT 72nd Superliga"]
[Site "Ljubljana"]
[Date "2019.03.14"]
[Round "7.4"]
[White "Zidar, Jernej"]
[Black "Jelen, Anja"]
[Result "1/2-1/2"]
[WhiteElo "1677"]
[BlackElo "1241"]
[PlyCount "98"]
[EventDate "2019.01.10"]
[EventType "team-tourn"]
[EventRounds "7"]
[EventCountry "SLO"]
[SourceTitle "EXT 2024"]
[Source "ChessBase"]
[SourceDate "2023.10.10"]
[SourceVersion "1"]
[SourceVersionDate "2023.10.10"]
[SourceQuality "1"]
[WhiteTeam "Komenda Popotnik"]
[BlackTeam "Ig"]
[WhiteTeamCountry "SLO"]
[BlackTeamCountry "SLO"]

1. d4 d5 2. Nf3 e6 3. g3 Nf6 4. Bg2 c5 5. 0-0 Nc6 6. c4 Be7 7. cxd5 exd5 8. dxc5 0-0 9. Bg5 Be6 10. Nc3 h6 11. Bxf6 Bxf6 12. Qc2 Qa5 13. Nd2 Nd4 14. Qd1 Qxc5 15. e3 Nb5 16. Nb3 Nxc3 17. Nxc5 Nxd1 18. Raxd1 b6 19. Nxe6 fxe6 20. e4 dxe4 21. Bxe4 Rad8 22. b3 Bd4 23. Kg2 e5 24. Rd2 Rd6 25. Bd3 Rdf6 26. f3 Kh8 27. Be4 g5 28. g4 Rc8 29. Rdd1 Rf7 30. Bf5 Rc5 31. Rfe1 Rfc7 32. Re2 Kg7 33. Rdd2 Kf6 34. Rc2 Rxc2 35. Rxc2 Rxc2+ 36. Bxc2 Ke6 37. Kf1 Kd6 38. Bd3 Kc5 39. a4 Kb4 40. Bc4 Kc3 41. Ke2 Kc2 42. Bd5 Kc3 43. Bc4 Bg1 44. h3 Kd4 45. Kf1 Bh2 46. Ke2 e4 47. fxe4 Kxe4 48. Kf2 Bf4 49. Bb5 Kd4 1/2-1/2

[Event "Otocec Krka Terme op"]
[Site "Otocec"]
[Date "2018.12.28"]
[Round "8"]
[White "Cebron, Asja"]
[Black "Jelen, Anja"]
[Result "1/2-1/2"]
[WhiteElo "1460"]
[BlackElo "1240"]
[PlyCount "80"]
[EventDate "2018.12.25"]
[EventType "swiss"]
[EventRounds "9"]
[EventCountry "SLO"]
[SourceTitle "EXT 2020"]
[Source "ChessBase"]
[SourceDate "2019.10.17"]
[SourceVersion "1"]
[SourceVersionDate "2019.10.17"]
[SourceQuality "1"]

1. e4 e5 2. Nf3 Nc6 3. Bc4 Nf6 4. Nc3 Bc5 5. d3 h6 6. h3 d6 7. Bd2 Be6 8. Bb3 Qe7 9. Be3 Bb6 10. Qd2 Nd4 11. Bxd4 Bxd4 12. Nxd4 exd4 13. Ne2 c5 14. c3 dxc3 15. bxc3 0-0 16. 0-0 b6 17. f4 Nd7 18. f5 Bxb3 19. axb3 a5 20. Nf4 Nf6 21. Nd5 Nxd5 22. exd5 Qf6 23. Kh1 Rae8 24. c4 Re5 25. Qf2 Rfe8 26. Rae1 Rxe1 27. Rxe1 Rxe1+ 28. Qxe1 Qxf5 29. Qe8+ Kh7 30. Qb5 Qxd3 31. Qxb6 Qc3 32. Qb7 Qb4 33. Qxf7 Qxb3 34. Qf5+ Kh8 35. Qf8+ Kh7 36. Qf5+ Kh8 37. Qf8+ Kh7 38. Qf5+ Kg8 39. Qe6+ Kh8 40. Qe8+ Kh7 1/2-1/2

[Event "Ljubljana-chT 71st"]
[Site "Ljubljana"]
[Date "2018.03.29"]
[Round "8.4"]
[White "Jelen, Anja"]
[Black "Cebulj Sifrer, Ozbej"]
[Result "1-0"]
[WhiteElo "1035"]
[BlackElo "1381"]
[PlyCount "69"]
[EventDate "2018.01.11"]
[EventType "team-tourn"]
[EventRounds "9"]
[EventCountry "SLO"]
[SourceTitle "EXT 2020"]
[Source "ChessBase"]
[SourceDate "2019.10.17"]
[SourceVersion "1"]
[SourceVersionDate "2019.10.17"]
[SourceQuality "1"]
[WhiteTeam "Ig"]
[BlackTeam "Kranj Gimnazija"]
[WhiteTeamCountry "SLO"]
[BlackTeamCountry "SLO"]

1. e4 e6 2. d4 d5 3. e5 c5 4. Be3 cxd4 5. Bxd4 Nc6 6. Nf3 Nh6 7. Nc3 Nf5 8. Bb5 Bd7 9. Bxc6 Bxc6 10. 0-0 Be7 11. Re1 0-0 12. Qd2 b6 13. Rad1 Rc8 14. a3 Qc7 15. b4 a5 16. Rb1 Bd7 17. bxa5 Nxd4 18. Nxd4 Qxc3 19. Qxc3 Rxc3 20. axb6 Bc5 21. b7 Rb8 22. Nb5 Rxb7 23. Nxc3 Ra7 24. Rb8+ Bf8 25. h3 Rxa3 26. Rb3 Ra5 27. Reb1 Rc5 28. Rb7 Bc8 29. Na4 Rxc2 30. Rb8 d4 31. Rd1 Rc4 32. Nb6 Rb4 33. Rxc8 Rxb6 34. Rxd4 f5 35. Rdd8 1-0

[Event "SLO-ch U12 Girls"]
[Site "Ptuj"]
[Date "2017.02.28"]
[Round "3"]
[White "Jelen, Anja"]
[Black "Sraka, Luna"]
[Result "0-1"]
[WhiteElo "1135"]
[BlackElo "1343"]
[PlyCount "104"]
[EventDate "2017.02.27"]
[EventType "swiss"]
[EventRounds "9"]
[EventCountry "SLO"]
[SourceTitle "CBM 177 Extra"]
[Source "ChessBase"]
[SourceDate "2017.04.27"]
[SourceVersion "1"]
[SourceVersionDate "2017.04.27"]
[SourceQuality "1"]

1. e4 e5 2. Nf3 Nc6 3. Bc4 Bc5 4. c3 Nf6 5. d3 h6 6. 0-0 0-0 7. h3 d5 8. exd5 Nxd5 9. Re1 Nb6 10. Bb3 Qf6 11. Nbd2 Rd8 12. Ne4 Qe7 13. Be3 Bxe3 14. fxe3 Bf5 15. Qc2 Na5 16. Rad1 Nxb3 17. Qxb3 Be6 18. Qc2 Bf5 19. Ng3 Qf6 20. Nh5 Qg6 21. e4 Be6 22. Nxe5 Qxh5 23. Nf3 Qc5+ 24. d4 Qe7 25. d5 Qc5+ 26. Nd4 Bc8 27. Qb3 Qc4 28. Qxc4 Nxc4 29. b3 Ne5 30. Nb5 c6 31. dxc6 Rxd1 32. Rxd1 Nxc6 33. Nc7 Rb8 34. Nd5 Be6 35. Nc7 a6 36. Nxe6 fxe6 37. Rd6 Kf7 38. Kf2 Kf6 39. Kf3 g5 40. g3 Ne5+ 41. Ke3 Rc8 42. c4 Rc7 43. Rb6 h5 44. Rd6 Nc6 45. a3 Ke5 46. Rd3 b5 47. cxb5 axb5 48. Rc3 Kf6 49. a4 bxa4 50. bxa4 e5 51. Ra3 Nb4 52. a5 Nc2+ 0-1

[Event "Otocec Krka Terme op"]
[Site "Otocec"]
[Date "2015.11.22"]
[Round "5"]
[White "Jelen, Anja"]
[Black "Hvala, Arja Ela"]
[Result "0-1"]
[WhiteElo "1048"]
[BlackElo "1218"]
[PlyCount "98"]
[EventDate "2015.11.20"]
[EventType "swiss"]
[EventRounds "5"]
[EventCountry "SLO"]
[SourceTitle "EXT 2019"]
[Source "ChessBase"]
[SourceDate "2018.10.10"]
[SourceVersion "1"]
[SourceVersionDate "2018.10.10"]
[SourceQuality "1"]

1. e4 c5 2. c3 Nc6 3. Nf3 Nf6 4. d3 g6 5. g3 Bg7 6. Bg2 d6 7. 0-0 0-0 8. Re1 Bd7 9. Bf4 Rc8 10. Nbd2 b5 11. a3 Qb6 12. Rb1 a5 13. Qc2 b4 14. axb4 cxb4 15. Be3 Qb7 16. Bf4 Rfe8 17. Qa4 Qa6 18. Qc2 a4 19. Ra1 Ra8 20. Nc4 b3 21. Qd2 Ng4 22. h3 Nge5 23. Bxe5 Bxe5 24. Qg5 Bf6 25. Qe3 Ne5 26. Nfxe5 Bxe5 27. Qd2 Bb5 28. Ra3 Bxc4 29. dxc4 Qxc4 30. Qd5 Rec8 31. Qb7 Kf8 32. Qd7 Rc6 33. Qb7 Rca6 34. Qd5 Qxd5 35. exd5 Ra5 36. Rc1 Rc5 37. Kf1 f5 38. h4 Bxc3 39. bxc3 Rxc3 40. Rb1 Rb8 41. Rxa4 b2 42. Ke2 Rc1 43. Rxb2 Rxb2+ 44. Kd3 Rxf2 45. Ra8+ Kf7 46. Ke3 Rxg2 47. Kf3 Rgg1 48. Kf2 Rgf1+ 49. Kg2 Rfd1 0-1